Egy kelet-európai feljegyzései

Elmentve itt :
Bibliográfiai részletek
Szerző: TAMÁS Timea
Adatforrás:Meister
Forrásdokumentuma:A Hét. -
5 ; 6 ; 8 ; 9 ; 13 ; 14 ; 22 - 29 ; 35-36 sz., 1995, 8 ; 10 ; 8 ; 10 ; 10 ; 7 ; 8 ; 6 ; 6 ; 6 ; 7 ; 7 ; 7 ; 7 ; 6 p.
Nyelv:magyar
Kulcsszavak:politikai publicisztika
kanadaiak
amerikai társadalom
Egyesült Államok
Kanada
LEADER 00547nab a2200169 i 4500
001 bibPRO00006795
008 060524s1995 xx hun
040 |a Sz1 
041 |a hun 
100 1 |a TAMÁS Timea 
245 1 4 |a Egy kelet-európai feljegyzései  |c TAMÁS Timea 
695 |a politikai publicisztika 
695 |a kanadaiak 
695 |a amerikai társadalom 
695 |a Egyesült Államok 
695 |a Kanada 
773 0 |t A Hét. -  |g 5 ; 6 ; 8 ; 9 ; 13 ; 14 ; 22 - 29 ; 35-36 sz., 1995, 8 ; 10 ; 8 ; 10 ; 10 ; 7 ; 8 ; 6 ; 6 ; 6 ; 7 ; 7 ; 7 ; 7 ; 6 p.